000 01018nam a2200361 a 4500
003 AR-BaBNM
005 20251128204040.0
008 082120s2002 ||||||||||||||000 | spa||
040 _cAR-BaBNM
100 1 _aGampel de Izcovich, Sara
245 0 0 _aEnseñanza media
_bórganos colegiados de gobierno
250 _a1ª ed.
260 _aBuenos Aires
_bFundación Arturo Illia para la Democracia y la Paz
_c1988
300 _a41 p.
_bcuadros
500 _aContiene fe de erratas en p. 21
504 _aBibliografía en p. 41
650 4 _aESCUELAS
650 4 _aGOBIERNO
650 4 _aCOMPORTAMIENTO
650 4 _aORGANIZACION ESCOLAR
650 4 _aPARTICIPACION DEL ALUMNO
650 4 _aESCUELAS MEDIAS
650 4 _aDISCIPLINA
650 4 _aGOBIERNO CENTRAL
650 4 _aPAPEL DEL ALUMNO
650 4 _aROL DEL DOCENTE
650 4 _aBUROCRACIA
650 4 _aAUTORIDAD
700 1 _aSánchez de Armendáriz, Elena
700 1 _aFerrari de Ghioldi, Susana
942 _cBK
998 _cisola
999 _c5959
_d5959